| 000 | 00846nam a2200265 a 4500 | ||
|---|---|---|---|
| 001 | BRL_5 | ||
| 005 | 20190320210540.0 | ||
| 008 | 800213s1973####mx-a######---#000-0#spa-# | ||
| 040 |
_aDLC _cDLC _dDLC |
||
| 041 | _aspa | ||
| 044 | _amx | ||
| 050 | 4 |
_aE59.C59 _b.R64 1973 |
|
| 100 | 1 |
_aRoldán, Dolores _922626 |
|
| 245 | 1 | 0 |
_aAspectos de población, economía y comunicaciones en Preamérica _cinvestigación, fotografías y dibujos de Dolores Roldán. |
| 260 |
_aMéxico _bOrión _c1973 |
||
| 300 |
_a122 p. _bil., 1 mapa plegable _c24 cm. |
||
| 500 | _aej.1 Au59, ej.2 Au230 | ||
| 500 | _aLa biblioteca cuenta con 2 ejemplares | ||
| 504 | _aBibliografía: p. 119-122 | ||
| 650 | 1 | 4 |
_aIndígenas _xComercio _zMéxico _922627 |
| 651 | 4 |
_aAmerica _xHistoria _92377 |
|
| 651 | 4 |
_aAmerica _xCivilización _910669 |
|
| 902 | _aGRL | ||
| 942 |
_2lcc _cB |
||
| 999 |
_c8818 _d8818 |
||